| 000 | 00805nam a2200265 i 4500 | ||
|---|---|---|---|
| 001 | 8063 | ||
| 003 | ES-MaACL | ||
| 005 | 20230906145355.0 | ||
| 007 | t| | ||
| 008 | 910623s1991 sp ||||1| spa d | ||
| 020 | _a84-7658-289-7 | ||
| 080 | _a86(Picon,J.O.1.06) | ||
| 100 | 1 |
_aValis, Noël M. _9112710 |
|
| 245 | 1 | 0 |
_aJacinto Octavio Picon, novelista / _cNoel Valis. |
| 250 | _a1a ed. | ||
| 260 |
_aBarcelona : _bAnthropos, _c1991. |
||
| 300 |
_a298 p. : _bil. ; _c20 cm. |
||
| 490 | 1 |
_aAutores, textos y temas. Literatura ; _v12 |
|
| 500 | _aIndices. | ||
| 500 | _aBibliografia. | ||
| 600 | 1 | 4 |
_aPicón, Jacinto Octavio, _d1852-1923 _991875 |
| 830 | 0 |
_aAutores, textos y temas. Literatura ; _v12 _9177410 |
|
| 852 |
_aES-MaACL _jL-15322 _bR.119252 _z. - rust. |
||
| 999 |
_c8063 _d8063 |
||